[Event "Turkish Bank Chess League 2012"]
[Site "Konya TUR"]
[Date "2012.07.11"]
[Round "1"]
[White "Kose,S"]
[Black "Savina,A"]
[Result "0-1"]
[WhiteElo "2117"]
[BlackElo "2304"]

1.e4 c5 2.c3 Nf6 3.e5 Nd5 4.d4 cxd4 5.cxd4 d6 6.Nf3 Nc6 7.Bc4 dxe5 8.dxe5 Ndb4
9.Qb3 e6 10.O-O Na5 11.Qc3 Nxc4 12.Qxc4 Qd3 13.Qxd3 Nxd3 14.Nc3 Bd7 15.Rd1 Nxc1
16.Raxc1 Rc8 17.Ng5 Rc7 18.Nge4 Bb4 19.Nb5 Rxc1 20.Nbd6+ Ke7 21.Rxc1 Rb8
22.Rc7 Ba5 23.Rxb7 Rxb7 24.Nxb7 Bc7 25.f4 f6 26.Nbd6 Bc6 27.Ng3 fxe5 28.fxe5 Bb6+
29.Kf1 Bc7 30.Nh5 g6 31.Nf4 Bxd6 32.exd6+ Kxd6 33.Kf2 Ke5 34.Ke3 Kf5 35.g3 Bb5
36.h3 g5 37.Nd3 h5 38.Nf2 Bf1 39.b4 h4 40.gxh4 gxh4 41.a4 Ke5 42.Kf3 Kd4
43.Kg4 Ke3 44.Nd1+ Ke2 45.Nc3+ Kd3 46.Nb5 e5 47.Nxa7 e4 48.Nc6 e3 49.Kf4 Bg2
50.Ne5+ Kd4 51.Ng4 e2 52.Ne3 Be4  0-1

[Event "11th La Fere Open"]
[Site "La Fere FRA"]
[Date "2012.07.11"]
[Round "6.5"]
[White "Dumas,V"]
[Black "Llaneza Vega,P"]
[Result "1/2-1/2"]
[WhiteElo "2064"]
[BlackElo "2225"]

1.e4 c5 2.c3 Nf6 3.e5 Nd5 4.d4 cxd4 5.cxd4 d6 6.Nf3 e6 7.Bc4 Nb6 8.Bb3 dxe5
9.dxe5 Qxd1+ 10.Bxd1 Nc6 11.O-O Bc5 12.Nc3 O-O 13.Be2 Nd4 14.Rd1 Nxe2+ 15.Nxe2 Bd7
16.Nc3 Rac8 17.Ne4 Bc6 18.Nxc5 Bxf3 19.gxf3 Rxc5 20.Be3 Rxe5 21.Bxb6 axb6
22.Rd7 Rb5 23.Rxb7 Rxb2 24.a4 Rb4 25.Rc1 g5 26.Rc6 Rxa4 27.Rcxb6 Rf4 28.Kg2 Rc8
29.Rb4 Rcc4 30.Rxc4 Rxc4 31.Rb5 h6 32.Rb7 Kg7 33.Ra7 Rf4 34.Rb7 Kg6 35.Rb8 h5
36.Rg8+ Kf6 37.h3 e5 38.Rh8 h4 39.Re8 Kf5 40.Ra8 Rd4 41.Ra6 f6 42.Rb6 e4
43.fxe4+ Rxe4 44.Rb8 Kf4 45.Rg8 Rc4 46.Rh8 Rc3 47.Rg8 f5 48.Rh8 Rc6 49.Rh7 Ke5
50.Rh5 Rg6 51.Rh8 Rg7 52.Rh6 Rg8 53.Kh2 Rf8 54.Rh5 Kf4 55.Kg2 Rg8 56.Rh6 Ke5
57.Kh2 f4 58.Kg2 Ke4 59.Re6+ Kf5 60.Ra6 Rd8 61.Ra5+ Kg6 62.Ra6+ Kh5 63.Ra3 Rd5
64.Kf3 Rd6 65.Rb3 Rd1 66.Ra3 Rg1 67.Ra8 Kg6 68.Ra6+ Kf7 69.Ra7+ Kf6 70.Ra6+ Ke5
71.Ra5+ Kf6  1/2-1/2

[Event "14th Saint-Lo Festival IM"]
[Site "Saint-Lo FRA"]
[Date "2012.07.11"]
[Round "6"]
[White "Bakalarz,M"]
[Black "Pucher,S"]
[Result "1/2-1/2"]
[WhiteElo "2323"]
[BlackElo "2217"]

1.e4 c5 2.c3 Nf6 3.e5 Nd5 4.d4 cxd4 5.Nf3 d6 6.Qxd4 e6 7.Nbd2 Nc6 8.Bb5 Bd7
9.Bxc6 Bxc6 10.Nc4 dxe5 11.Nfxe5 Bb5 12.a4 Ba6 13.b4 Bxc4 14.Qxc4 a6 15.Bd2 Bd6
16.Nf3 Rc8 17.Qe4 Qc7 18.O-O O-O 19.Rfe1 Qc4 20.Rad1 Rfd8 21.Qb1 Nxc3 22.Bxc3 Qxc3
23.b5 Qb4 24.Re4 Qxb1 25.Rxb1 a5 26.g3 Bb4 27.Rb2 Kf8 28.Ne5 f6 29.Nf3 e5
30.Ree2 g6 31.g4 Rd3 32.Kg2 Rc4 33.h3 Kf7 34.Rbc2 Rxc2 35.Rxc2 Rc3 36.Re2 Rc4
37.Rxe5 Bd6 38.Rd5 Ke6 39.Rd1 Rxa4 40.Nd4+ Ke7 41.Re1+ Kf7 42.Rd1 Ra2 43.Nf5 Bc5
44.Nd6+ Ke7 45.Nxb7 Bxf2 46.Kf3 a4 47.Nd6 Bc5 48.Ne4 Rc2 49.Ra1 a3 50.Nxc5  1/2-1/2

[Event "ch-SUI Hauptturnier 1 2012"]
[Site "Flims SUI"]
[Date "2012.07.12"]
[Round "1"]
[White "Moret,J"]
[Black "Gruenenwald,J"]
[Result "0-1"]
[WhiteElo "2021"]
[BlackElo "2319"]

1.e4 c5 2.c3 Nf6 3.e5 Nd5 4.d4 cxd4 5.Nf3 Nc6 6.cxd4 d6 7.Nc3 dxe5 8.dxe5 Nxc3
9.Qxd8+ Kxd8 10.bxc3 h6 11.Bc4 e6 12.O-O Bc5 13.Re1 Kc7 14.h4 b6 15.Bf4 Rd8
16.Rad1 Bb7 17.Be2 Ne7 18.Nd4 Bxd4 19.cxd4 Rac8 20.h5 Kb8 21.Bc1 Nf5 22.Ba3 a5
23.g4 Nxd4 24.Bd6+ Rxd6 25.exd6 Nxe2+ 26.Kh2 Nc3 27.Rc1 Nd5 28.Kg3 Rd8 29.f4 Rxd6
30.f5 Bc8 31.Re5 Kb7 32.Kf3 Bd7 33.Rd1 b5 34.Kg3 Kb6 35.fxe6 fxe6 36.g5 Rc6
37.gxh6 gxh6 38.a4 Rc3+ 39.Kh4 Rc4+ 40.Kg3 Rxa4  0-1

[Event "Turkish Bank Chess League 2012"]
[Site "Konya TUR"]
[Date "2012.07.12"]
[Round "2"]
[White "Nikolova,A"]
[Black "Ushenina,A"]
[Result "1-0"]
[WhiteElo "2360"]
[BlackElo "2452"]

1.e4 c5 2.c3 Nf6 3.e5 Nd5 4.d4 cxd4 5.Nf3 e6 6.cxd4 d6 7.Bc4 Nb6 8.Bd3 dxe5
9.dxe5 Na6 10.Bg5 Bb4+ 11.Nc3 Bxc3+ 12.bxc3 Qc7 13.O-O Nc5 14.Bc2 Bd7 15.a4 h6
16.Be3 Nc4 17.Bd4 Nb2 18.Qe2 Nbxa4 19.Nd2 b5 20.Qg4 Kf8 21.f4 g6 22.Qh4 Rh7
23.Rf3 Be8 24.Qf2 Rc8 25.g4 Bd7 26.Rf1 Nb6 27.f5 gxf5 28.gxf5 exf5 29.Rg3 Nc4
30.Nxc4 bxc4 31.Bxf5 Bxf5 32.Qxf5 Rg7 33.Rxg7 Kxg7 34.e6+ Kf8 35.exf7 Nd7
36.Qg6 Qc6 37.Qg7+  1-0

[Event "16th Godesburg Open"]
[Site "Bad Godesberg GER"]
[Date "2012.07.13"]
[Round "7.17"]
[White "Schwab,T1"]
[Black "Begri,Felix"]
[Result "1-0"]
[WhiteElo "2085"]
[BlackElo "1896"]

1.e4 c5 2.c3 Nf6 3.e5 Nd5 4.d4 cxd4 5.Nf3 e6 6.cxd4 Nc6 7.Bc4 Nb6 8.Bb3 d6
9.O-O dxe5 10.dxe5 Qc7 11.Qe2 Be7 12.Nc3 a6 13.a3 Nd7 14.Re1 O-O 15.Bf4 Na5
16.Ba2 b5 17.Rac1 Qb8 18.b4 Nb7 19.Bb1 Rd8 20.Nd4 Qc7 21.Nd5 Qxc1 22.Nxe7+ Kf8
23.Rxc1  1-0

[Event "16th Godesburg Open"]
[Site "Bad Godesberg GER"]
[Date "2012.07.13"]
[Round "7.9"]
[White "Koehler,Christian Friedrich"]
[Black "Krebs,D"]
[Result "1/2-1/2"]
[WhiteElo "2016"]
[BlackElo "2129"]

1.e4 c5 2.c3 Nf6 3.d3 d6 4.Be2 Nc6 5.Nf3 g6 6.O-O Bg7 7.Bg5 h6 8.Bd2 O-O
9.Na3 a6 10.Nc2 b5 11.h3 Rb8 12.Ne3 Bd7 13.Nh2 a5 14.f4 b4 15.Nhg4 Nxg4 16.hxg4 bxc3
17.bxc3 e6 18.Qc1 Kh7 19.g3 f5 20.gxf5 exf5 21.exf5 gxf5 22.Bf3 Ne7 23.Qa3 Bc6
24.Bxc6 Nxc6 25.Rab1 Qd7 26.Qa4 d5 27.Rxb8 Rxb8 28.g4 fxg4 29.f5 Qd6 30.Qxg4 Ne5
31.Qg3 Rg8 32.Ng2 Bf8 33.Qh3 d4 34.c4 Ng4 35.Rf4 Ne5 36.Kf1 Qf6 37.Bxa5 Qg5
38.f6 Qg6 39.Qf5 Qxf5 40.Rxf5 Nxd3 41.Bd8 Rg5 42.Rxg5 hxg5 43.a4 Kg6 44.a5 Nb4
45.Ke2 Bd6 46.Kf3 d3 47.Ne3 Bf4 48.Nd1 d2 49.Kg4 Be5 50.f7 Kxf7 51.Kxg5 Ke6
52.Bb6  1/2-1/2

[Event "11th La Fere Open"]
[Site "La Fere FRA"]
[Date "2012.07.13"]
[Round "8.11"]
[White "Mataigne,J"]
[Black "Merbeth,Paul"]
[Result "0-1"]
[WhiteElo "2008"]
[BlackElo "1718"]

1.e4 c5 2.c3 Nf6 3.e5 Nd5 4.d4 cxd4 5.Nf3 Nc6 6.Bc4 Nb6 7.Bb3 d5 8.exd6 Qxd6
9.O-O Bf5 10.cxd4 e6 11.Nc3 Nd5 12.Bxd5 exd5 13.Nb5 Qd7 14.Bf4 Rc8 15.Re1+ Be6
16.Ng5 a6 17.Nxe6 fxe6 18.Nc3 Be7 19.Qh5+ g6 20.Qg4 O-O 21.Bh6 Rf5 22.Re2 b5
23.Rae1 Bf6 24.Rxe6 Bxd4 25.Nd1 Ne5 26.Qxd4 Qxe6 27.Ne3 Rh5 28.Ng4 Qxg4 29.Qxd5+ Nf7  0-1

[Event "4th Rethymno Open"]
[Site "Rethymno GRE"]
[Date "2012.07.13"]
[Round "8.15"]
[White "Pap,M"]
[Black "Minko,V"]
[Result "1-0"]
[WhiteElo "2500"]
[BlackElo "2254"]

1.e4 c5 2.c3 Nf6 3.e5 Nd5 4.Nf3 e6 5.d4 cxd4 6.cxd4 b6 7.Nc3 Nxc3 8.bxc3 Qc7
9.Bd2 Bb7 10.Bd3 d6 11.O-O Nd7 12.Ng5 dxe5 13.Qh5 g6 14.Qh3 Be7 15.Rfe1 Qd8
16.Nxe6 fxe6 17.Qxe6 Qc7 18.Bb5 Kd8 19.Bf4 exf4 20.Qxe7+ Kc8 21.Qg7 Rd8 22.Re7 Qd6
23.c4 a6 24.Ba4 Bc6 25.Bb3 Kc7 26.Rae1 Rac8 27.d5 Bb7 28.R1e6 Qc5 29.Qe5+  1-0

[Event "ch-SUI Hauptturnier 1 2012"]
[Site "Flims SUI"]
[Date "2012.07.14"]
[Round "3"]
[White "Botta,Ga"]
[Black "Seps,M"]
[Result "1/2-1/2"]
[WhiteElo "2334"]
[BlackElo "2193"]

1.e4 c5 2.c3 Nf6 3.e5 Nd5 4.d4 cxd4 5.Nf3 Nc6 6.cxd4 d6 7.Bc4 Nb6 8.Bb5 Bd7
9.Nc3 dxe5 10.dxe5 Bg4 11.Qe2 Qc7 12.O-O a6 13.Bxc6+ Qxc6 14.Ne4 Qc4 15.Qe1 Bxf3
16.gxf3 e6 17.b3 Qb5 18.Bb2 Nd5 19.Rd1 Rd8 20.Nc3 Qc6 21.Qe4 Be7 22.Nxd5 Rxd5
23.Rxd5 Qxd5 24.Qxd5 exd5 25.Rd1 Kd7 26.Rxd5+ Ke6 27.Rd2 h5 28.f4 Rd8 29.Rc2 Rd3
30.Rc7 g6 31.Rxb7 Rd2 32.Bc3 Rxa2 33.Bb4 Bxb4 34.Rxb4 Kf5 35.Rd4 a5 36.Kg2 Rb2  1/2-1/2

[Event "35th Taminco Open"]
[Site "Ghent BEL"]
[Date "2012.07.14"]
[Round "1.14"]
[White "Crooks,R"]
[Black "Decoster,F"]
[Result "0-1"]
[WhiteElo "1807"]
[BlackElo "2305"]

1.e4 c5 2.c3 Nf6 3.d3 Nc6 4.Nf3 d5 5.e5 Nd7 6.Qe2 e6 7.c4 Nb6 8.b3 Be7 9.Bb2 O-O
10.g3 a5 11.Bg2 a4 12.O-O axb3 13.axb3 Rxa1 14.Bxa1 Bd7 15.d4 Qa8 16.Bc3 dxc4
17.bxc4 Qa6 18.Nbd2 Qa3 19.Ba1 Ra8 20.dxc5 Qxc5 21.Rb1 Ra2 22.Qd3 Nb4 23.Qd4 Nc2
24.Qc3 Bc6 25.Bb2 Na3 26.Qb3 Nxb1 27.Qxa2 Na3 28.Bd4 Qb4 29.Bf1 Na4 30.Bg2 Nc3
31.Bxc3 Qxc3 32.Nf1 Bxf3  0-1

[Event "35th Taminco Open"]
[Site "Ghent BEL"]
[Date "2012.07.14"]
[Round "1.19"]
[White "Ponnet,H"]
[Black "Ismail,Tamer"]
[Result "1-0"]
[WhiteElo "2206"]
[BlackElo "1774"]

1.e4 c5 2.c3 Nf6 3.e5 Nd5 4.d4 cxd4 5.cxd4 e6 6.Bc4 d6 7.Nf3 Be7 8.O-O O-O
9.Nc3 Nb6 10.Bd3 Nc6 11.Qe2 dxe5 12.dxe5 Nb4 13.Bb1 N4d5 14.Qd3 g6 15.Bh6 Re8
16.Ne4 Bd7 17.Nfg5 Bf8 18.Qh3 Be7 19.f4 Nc4 20.Nxh7 Kxh7 21.Ng5+ Bxg5 22.Bxg5+ Kg8
23.Bxd8 Raxd8 24.Qh6 Bc6 25.Rf3 Nde3 26.Bxg6 fxg6 27.Qxg6+ Kf8 28.Qh6+ Kf7
29.Qh7+ Kf8 30.Rg3  1-0

[Event "22nd HOF Open 2012"]
[Site "Jyvaskyla FIN"]
[Date "2012.07.14"]
[Round "8.9"]
[White "Valli,F"]
[Black "Agopov,M"]
[Result "0-1"]
[WhiteElo "2252"]
[BlackElo "2442"]

1.e4 c5 2.c3 Nf6 3.e5 Nd5 4.d4 cxd4 5.Nf3 Nc6 6.cxd4 d6 7.Bc4 e6 8.O-O Be7
9.Qe2 O-O 10.Nc3 dxe5 11.dxe5 Nxc3 12.bxc3 Qc7 13.Qe4 b6 14.Bd3 g6 15.Bh6 Rd8
16.Rad1 Bb7 17.Qf4 Rd5 18.Be4 Rxd1 19.Rxd1 Rd8 20.Re1 f5 21.exf6 Qxf4 22.Bxf4 Bxf6
23.h3 Kf7 24.Ng5+ Bxg5 25.Bxg5 Rd6 26.Bf4 Rd7 27.Bxc6 Bxc6 28.c4 Rd3 29.Bb8 Ra3
30.Re2 Ra4 31.f3 Ke7 32.Rd2 Bd7 33.Rc2 Bc6 34.Rd2 Bd7 35.Rc2 Bc6  0-1

[Event "34th Oberwart Open A"]
[Site "Oberwart AUT"]
[Date "2012.07.14"]
[Round "8.25"]
[White "Sepetavc,W"]
[Black "Wiedner,R"]
[Result "0-1"]
[WhiteElo "2010"]
[BlackElo "2162"]

1.e4 c5 2.c3 Nf6 3.e5 Nd5 4.d4 cxd4 5.cxd4 d6 6.Nf3 Nc6 7.Bc4 Nb6 8.Bb3 dxe5
9.d5 Na5 10.Nc3 Nxb3 11.Qxb3 e6 12.dxe6 Bxe6 13.Qb5+ Qd7 14.Nxe5 Qxb5 15.Nxb5 Bb4+
16.Ke2 O-O 17.Be3 Nc4 18.Nd3 Nxe3 19.Kxe3 Ba5 20.b4 Bb6+ 21.Nc5 Rfe8 22.Nd6 Re7
23.Kf3 Bd5+ 24.Kg4 Bc7 25.Nf5 Re5 26.Rhd1 h5+ 27.Kf4 Re4+ 28.Kg5 f6+  0-1

[Event "7th Nana Aleksandria Cup"]
[Site "Poti GEO"]
[Date "2012.07.14"]
[Round "1.8"]
[White "Mammadov,Z"]
[Black "Tskhadadze,G"]
[Result "1-0"]
[WhiteElo "2426"]
[BlackElo "1777"]

1.e4 c5 2.c3 Nf6 3.e5 Nd5 4.Nf3 Nc6 5.Bc4 Nb6 6.Bb3 Qc7 7.Qe2 e6 8.O-O d6
9.d4 cxd4 10.cxd4 Be7 11.Nc3 O-O 12.Nb5 Qd8 13.Bc2 Nd5 14.Qd3 g6 15.exd6 Bxd6
16.Nxd6 Qxd6 17.Bh6 Rd8 18.Bb3 Bd7 19.Rfe1 Rac8 20.Ne5 Be8 21.Bg5 f6 22.Nc4 Qf8
23.Bh4 Bf7 24.Rad1 Nce7 25.Nd2 g5 26.Bg3 Bh5 27.f3 Bg6 28.Qe2 Rc6 29.Rc1 Rdc8
30.Rxc6 Rxc6 31.Ne4 Nf5 32.Bf2 Qc8 33.Nc5 Bf7 34.Ba4 Rd6 35.Qd2 b6 36.Ne4 Rd8
37.Nxf6+ Nxf6 38.Qxg5+ Ng7 39.Qxf6 Rd5 40.Bb3 Rf5 41.Qe7 Qc6 42.Qxa7 Rg5
43.d5 exd5 44.Qxb6 Qxb6 45.Bxb6 Ne6 46.g3 Kg7 47.a4  1-0

[Event "Werner-Ott-Open 2012"]
[Site "Berlin GER"]
[Date "2012.07.15"]
[Round "9.2"]
[White "Rabiega,R"]
[Black "Meister,Jak"]
[Result "1/2-1/2"]
[WhiteElo "2500"]
[BlackElo "2480"]

1.e4 c5 2.c3 Nf6 3.e5 Nd5 4.Nf3 d6 5.Bc4 e6 6.d4 cxd4 7.cxd4 Nb6 8.Bd3 dxe5
9.dxe5 Na6 10.O-O Nc5 11.Bb5+ Bd7 12.Nc3 Bxb5 13.Nxb5 Nd5 14.Qd4 Qb6 15.Nc3 Nxc3
16.Qxc3 Na4 17.Qc2 Qc6 18.Qxc6+ bxc6 19.b3 Nb6 20.Bb2 Be7 21.Rac1 Kd7 22.Bd4 Rhc8
23.Bc5 Bd8 24.Nd2 Nd5 25.g3 a5 26.Rc4 Bc7 27.f4 a4 28.b4 a3 29.Rf3 Rcb8 30.Rb3 h5
31.Kf2 h4 32.gxh4 Rh8 33.Nf3 f6 34.b5 cxb5 35.Rxb5 Rab8 36.Rxb8 Rxb8 37.Bxa3 Ra8
38.Bc5 Rxa2+ 39.Kg3 g6 40.exf6 Nxf6 41.Ne5+ Bxe5 42.fxe5 Nh5+ 43.Kf3 Rxh2
44.Rg4 Rh3+ 45.Kf2  1/2-1/2

[Event "Sparkassen Open A"]
[Site "Dortmund GER"]
[Date "2012.07.15"]
[Round "2.28"]
[White "Huebben,Dominik"]
[Black "Pustelny-Conrad,Dieter"]
[Result "0-1"]
[WhiteElo "1836"]
[BlackElo "2070"]

1.e4 c5 2.c3 Nf6 3.e5 Nd5 4.d4 cxd4 5.cxd4 d6 6.Nf3 e6 7.Bc4 Nc6 8.O-O Be7
9.Qe2 Nb6 10.Bb3 a6 11.Nc3 Nb4 12.Qe4 dxe5 13.dxe5 Qd3 14.Qg4 Qg6 15.Qd4 Nd7
16.Ne4 O-O 17.Nd6 Bxd6 18.Qxd6 Nc2 19.Bxc2 Qxc2 20.Be3 Nb8 21.Rac1 Qxb2 22.Rfd1 Nc6
23.Bc5 Re8 24.Qc7 h6 25.a3 Qb5 26.Rd2 Qa5 27.Bb6 Qxa3 28.Rcd1 Re7 29.Qd6 Qxd6
30.exd6 Rd7 31.Bc7 f6 32.Ne1 Nb4 33.Nd3 Nxd3 34.Rxd3 b5 35.Ba5 Bb7 36.Rc3 Bd5
37.Bc7 b4 38.Rc5 Ra7 39.f4 f5 40.Rb1 Rb7 41.Ra5 b3 42.Rxa6 Rb4 43.g3 g5 44.fxg5 hxg5
45.Rb2 Kg7 46.Bb6 Bb7 47.Bc5 Rb5 48.Bd4+ e5 49.Rb6 Rxb6 50.Bxb6 Bd5 51.Bc7 Kf6
52.Kf1 f4 53.gxf4 gxf4 54.h4 e4 55.h5 e3 56.h6 f3 57.Rh2 Bc4+ 58.Ke1 f2+  0-1

[Event "Helmut-Kohls-Turnier 2012"]
[Site "Dortmund GER"]
[Date "2012.07.15"]
[Round "2"]
[White "Schmittdiel,E"]
[Black "Meins,G"]
[Result "1/2-1/2"]
[WhiteElo "2460"]
[BlackElo "2475"]

1.e4 c5 2.c3 Nf6 3.e5 Nd5 4.d4 cxd4 5.Bc4 Nb6 6.Bb3 d6 7.Nf3 Nc6 8.Bf4 e6
9.cxd4 dxe5 10.Bxe5 Nxe5 11.Nxe5 Be7 12.O-O O-O 13.Nc3 Bd7 14.Qf3 Bc6 15.Nxc6 bxc6
16.Rfd1 Nd5 17.Rac1 Bg5 18.Rc2 Nb4 19.Re2 Qf6 20.Qxf6 Bxf6 21.Ne4 Rfd8 22.Nxf6+ gxf6
23.a3 Nd5 24.Rc2 Ne7 25.Ba4 Rd6 26.g3 Rad8 27.Rdc1 Rxd4 28.Bxc6 Nxc6 29.Rxc6 a5
30.Rc8 Rxc8 31.Rxc8+ Kg7 32.Rc2 f5 33.Kg2 Rd3 34.Kf1 Rb3 35.Ke2 Kg6 36.Kf1 h5
37.Kg2 Kg5 38.f4+ Kg6 39.Kh3 a4 40.Rc4 Rxb2 41.Rxa4 Ra2 42.Ra6  1/2-1/2

[Event "35th Taminco Open"]
[Site "Ghent BEL"]
[Date "2012.07.15"]
[Round "4.42"]
[White "Ismail,Tamer"]
[Black "Van Hoecke,Luc"]
[Result "1/2-1/2"]
[WhiteElo "1774"]
[BlackElo "1934"]

1.e4 c5 2.c3 Nf6 3.e5 Nd5 4.d4 cxd4 5.Nf3 Nc6 6.cxd4 e6 7.Bb5 Qa5+ 8.Nc3 Nxc3
9.Bxc6 bxc6 10.Qd2 Ba6 11.Qxc3 Qb5 12.Qc2 d6 13.a4 Qd5 14.Be3 dxe5 15.dxe5 Bb4+
16.Bd2 Bxd2+ 17.Qxd2 Rb8 18.O-O-O O-O 19.Qxd5 cxd5 20.Rd4  1/2-1/2

[Event "35th Taminco Open"]
[Site "Ghent BEL"]
[Date "2012.07.16"]
[Round "6.1"]
[White "Hovhanisian,M"]
[Black "Solodovnichenko,Y"]
[Result "0-1"]
[WhiteElo "2485"]
[BlackElo "2598"]

1.e4 c5 2.c3 Nf6 3.e5 Nd5 4.d4 cxd4 5.Nf3 Nc6 6.cxd4 d6 7.Bc4 e6 8.O-O Be7
9.exd6 Qxd6 10.Nc3 O-O 11.Re1 Rd8 12.Bb3 Nf6 13.Be3 b6 14.Qd2 Bb7 15.Ba4 Nd5
16.Bg5 Bxg5 17.Qxg5 Qf4 18.Nxd5 Qxg5 19.Nxg5 Rxd5 20.Bxc6 Bxc6 21.Rac1 Rd6
22.Ne4 Bxe4 23.Rxe4 Rad8 24.Rc7 R6d7 25.Rxd7 Rxd7 26.Kf1 Kf8 27.Ke2 Ke7 28.Kd3 Kd6
29.Re2 Rc7 30.Rc2 Rxc2 31.Kxc2 g5 32.Kd3 Kd5 33.f3 b5 34.b3 f5 35.g3 e5 36.dxe5 Kxe5
37.Ke3 Kd5 38.Kd3 g4 39.fxg4 fxg4 40.Ke3 Kc5 41.Kd3 Kb4 42.Kc2 Ka3 43.Kb1 h6
44.Ka1 a5 45.Kb1 a4 46.bxa4 bxa4 47.Ka1 Kb4 48.Kb2 a3+ 49.Kb1 Kb5 50.Kc1 Kc5
51.Kd1 Kd5 52.Kc2 Kc4 53.Kd2 Kd4 54.Kc2 Ke3 55.Kb3 Kf3 56.Kxa3 Kg2 57.Kb4 Kxh2
58.a4 Kxg3 59.a5 Kh4 60.a6 g3 61.a7 g2 62.a8=Q g1=Q 63.Kc3 Qe3+ 64.Kc2 Kg3
65.Qg8+ Kh2 66.Qg6 Qf2+ 67.Kd3 Qg3+ 68.Qxg3+ Kxg3 69.Ke2 Kg2  0-1

[Event "35th Taminco Open"]
[Site "Ghent BEL"]
[Date "2012.07.16"]
[Round "6.9"]
[White "Maddens,M"]
[Black "Lavendelis,E"]
[Result "1/2-1/2"]
[WhiteElo "2047"]
[BlackElo "2340"]

1.e4 c5 2.c3 Nf6 3.e5 Nd5 4.d4 cxd4 5.Nf3 Nc6 6.cxd4 d6 7.Bc4 Nb6 8.Bb3 dxe5
9.d5 Na5 10.Nc3 Nxb3 11.Qxb3 g6 12.Nxe5 Bg7 13.Bf4 O-O 14.O-O e6 15.d6 Qxd6
16.Nxg6 e5 17.Nxf8 exf4 18.Nxh7 Qg6 19.Nd5 Be6 20.Ne7+ Kxh7 21.Nxg6 Bxb3
22.Nf8+ Kg8 23.axb3 Kxf8 24.Ra5 Bxb2 25.Rf5 Rc8 26.Rxf4 Rc3 27.Rb4 Ba3 28.Rb5 Bc5
29.b4 Bd4 30.h4 Rb3 31.Rd1 a6 32.Rf5 Rxb4 33.Rf4 Bc5 34.Rxb4 Bxb4 35.Rd8+ Kg7
36.Rb8 a5 37.Rxb7 Nd5 38.g4 a4 39.Rb5 a3 40.Rxd5 a2 41.Rd1 Bc3 42.f4 a1=Q
43.Rxa1 Bxa1 44.Kf2 Bc3 45.Kf3 Be1 46.h5 Bc3 47.g5 f5  1/2-1/2

[Event "35th Taminco Open"]
[Site "Ghent BEL"]
[Date "2012.07.16"]
[Round "6.7"]
[White "Ghysels,M"]
[Black "Klundt,K"]
[Result "1/2-1/2"]
[WhiteElo "2095"]
[BlackElo "2358"]

1.e4 c5 2.c3 Nf6 3.e5 Nd5 4.d4 cxd4 5.Nf3 Nc6 6.Bc4 Nb6 7.Bb3 d5 8.exd6 Qxd6
9.O-O dxc3 10.Nxc3 Qxd1 11.Rxd1 Bg4 12.Be3 e5 13.Nb5 Rc8 14.Nxa7 Nxa7  1/2-1/2

[Event "Turkish Bank Chess League 2012"]
[Site "Konya TUR"]
[Date "2012.07.16"]
[Round "6"]
[White "Kose,S"]
[Black "Savchenko,B"]
[Result "1-0"]
[WhiteElo "2117"]
[BlackElo "2550"]

1.e4 c5 2.c3 Nf6 3.e5 Nd5 4.d4 cxd4 5.cxd4 d6 6.Nf3 Nc6 7.Ng1 Nb8 8.Nf3 Nc6
9.Bc4 Nb6 10.Bb5 Bd7 11.Nc3 e6 12.O-O a6 13.Bd3 Rc8 14.Re1 Nb4 15.Be4 Bc6
16.d5 N4xd5 17.Nxd5 Nxd5 18.Bxd5 Bxd5 19.Qxd5 exd5 20.exd6+ Be7 21.Rxe7+ Kf8
22.Bf4 Rc4 23.Bg3 h5 24.Ng5 h4 25.Be5 Qxe7 26.dxe7+ Kxe7 27.Bxg7 Rg8 28.Re1+ Kd7
29.Nxf7 Rxg7 30.Ne5+ Kd6 31.Nxc4+ dxc4 32.f3 b5 33.Kf2 a5 34.Re4 a4 35.a3 Kc5
36.Re5+ Kb6 37.f4 Rd7 38.f5 Rd2+ 39.Kf3 Rxb2 40.f6 Rb1 41.Ke2 c3 42.f7 c2
43.f8=Q Re1+ 44.Kxe1 c1=Q+ 45.Kf2 Qb2+ 46.Re2 Qd4+ 47.Re3 Qd2+ 48.Kf3 Qd5+
49.Kg4 h3 50.Qb8+ Ka6 51.Qc8+ Ka5 52.Qc3+ Ka6 53.Kxh3 Qd7+ 54.Kg3 Kb6 55.h3 Qf5
56.Qd4+ Ka6 57.Qd6+ Ka5 58.Re7  1-0

[Event "Turkish Bank Chess League 2012"]
[Site "Konya TUR"]
[Date "2012.07.16"]
[Round "7"]
[White "Sahin,Gizem"]
[Black "Kaya,E"]
[Result "0-1"]
[WhiteElo "1578"]
[BlackElo "1992"]

1.e4 c5 2.c3 Nf6 3.e5 Nd5 4.d4 cxd4 5.cxd4 d6 6.Nf3 Nc6 7.Bc4 e6 8.O-O Be7
9.Bxd5 exd5 10.Nc3 dxe5 11.dxe5 Be6 12.Ne2 Bg4 13.Qd3 Bxf3 14.Qxf3 Nxe5 15.Qg3 Ng6
16.Be3 O-O 17.Rfd1 Bf6 18.Bd4 Re8 19.Nc3 Bxd4 20.Rxd4 Qb6 21.Rd2 d4 22.Ne2 Qa5
23.Rad1 Rac8 24.h3 Qxa2 25.Nxd4 Qa5 26.Qb3 Re1+ 27.Kh2 Qe5+ 28.Qg3 Rxd1 29.Qxe5 Nxe5
30.Rxd1 Rd8 31.Kg3 Nc6 32.Nxc6 Rxd1 33.Nxa7 Rb1 34.Nb5 Rxb2 35.Nd4 Kf8 36.Kf3 Ke7
37.Nf5+ Kf6 38.g4 Rb3+ 39.Kg2 b5 40.Nd4 Rb1 41.f4 b4 42.g5+ Ke7 43.Kf2 b3
44.Ke2 b2  0-1

[Event "2nd Science Park Open A"]
[Site "Amsterdam NED"]
[Date "2012.07.17"]
[Round "4"]
[White "Van der Lende,I"]
[Black "De Rover,YH"]
[Result "1-0"]
[WhiteElo "2175"]
[BlackElo "2287"]

1.e4 c5 2.c3 Nf6 3.e5 Nd5 4.d4 cxd4 5.Nf3 Nc6 6.cxd4 d6 7.Bc4 e6 8.O-O Be7
9.exd6 Qxd6 10.Nc3 O-O 11.Re1 Rd8 12.Ne4 Qb4 13.Bb3 Nf6 14.Bd2 Qb6 15.Bc3 Nd5
16.Qd3 Bd7 17.h4 Be8 18.Neg5 g6 19.h5 Bf6 20.hxg6 hxg6 21.Qe4 Nce7 22.Qh4 Rac8
23.Re4 a5 24.Rae1 Rd6 25.Qh7+ Kf8 26.Ne5 Bxg5 27.Ba4 Nf6 28.Qh8+ Neg8 29.f4 Nxe4
30.fxg5 Bxa4 31.Rf1 Nxg5 32.Rxf7+ Nxf7 33.Nxg6+ Ke8 34.Qxg8+ Kd7 35.Qxf7+ Kc6
36.Ne5+  1-0

[Event "6th Varna Open"]
[Site "Varna BUL"]
[Date "2012.07.17"]
[Round "6.13"]
[White "Gurvich,Vitaly"]
[Black "Ljangov,P"]
[Result "0-1"]
[WhiteElo "1856"]
[BlackElo "2071"]

1.e4 c5 2.c3 Nf6 3.e5 Nd5 4.d4 cxd4 5.Qxd4 e6 6.Nf3 Nc6 7.Qe4 d6 8.Bb5 Bd7
9.c4 Nc7 10.Bg5 Qc8 11.exd6 Bxd6 12.Nc3 O-O 13.Rd1 Bb4 14.Qd3 Be8 15.a3 Bxc3+
16.Qxc3 f6 17.Be3 Nxb5 18.cxb5 Ne7 19.Qc5 Nd5 20.a4 Bh5 21.Qxc8 Rfxc8 22.Ke2 Rc2+
23.Rd2 Rxd2+ 24.Bxd2 e5 25.Kd3 Rd8 26.Kc2 Rc8+ 27.Kb1 Kf7 28.Rc1 Rxc1+ 29.Kxc1 Bxf3
30.gxf3 Ke6 31.Kc2 Ne7 32.Kd3 Kd5 33.Be3 Nc8 34.b3 f5 35.f4 exf4 36.Bxf4 a6
37.bxa6 bxa6 38.f3 g6 39.Kc3 Ne7 40.b4 Nc8 41.h3 Nb6 42.a5 Nd7 43.h4 Nf8
44.Kb3 Ne6 45.Bg3 Nd4+ 46.Ka4 Kc4 47.f4 Ne2 48.Bh2 Nc3+ 49.Ka3 Nd5 50.Bg3 Nxb4
51.Ka4 Nd3 52.Bh2 Nc5+ 53.Ka3 Kb5 54.Bg1 Ne6 55.Be3 Kxa5  0-1

[Event "ch-PHI Grand Final 2012"]
[Site "Boracay PHI"]
[Date "2012.07.18"]
[Round "6.7"]
[White "Antonio,R"]
[Black "Paragua,M"]
[Result "1-0"]
[WhiteElo "2548"]
[BlackElo "2508"]

1.e4 c5 2.c3 Nf6 3.e5 Nd5 4.d4 cxd4 5.Nf3 e6 6.Bc4 dxc3 7.Bxd5 cxb2 8.Bxb2 exd5
9.O-O Nc6 10.Nc3 d6 11.Re1 Be6 12.Nxd5 Qa5 13.Nf4 O-O-O 14.Nxe6 fxe6 15.Ng5 dxe5
16.Qg4 Bc5 17.Nxe6 h5 18.Qf3 Rhf8 19.Nxf8 Rxf8 20.Qh3+ Kb8 21.Rf1 Rxf2 22.Rxf2 Bxf2+
23.Kh1 Qb5 24.Bc3 e4 25.Qd7 e3 26.a4 Qc5 27.Rb1 b6 28.Rc1 e2 29.Qe8+ Kb7
30.Qxe2 Bd4 31.Bb2 Qg5 32.Qf3 Bc5 33.Rd1 Qg6 34.Bc3 a6 35.Qd5  1-0

[Event "Minsk Open 2012"]
[Site "Minsk BLR"]
[Date "2012.07.18"]
[Round "9.3"]
[White "Novitzkij,D"]
[Black "Zhigalko,A"]
[Result "1-0"]
[WhiteElo "2347"]
[BlackElo "2597"]

1.e4 c5 2.c3 Nf6 3.e5 Nd5 4.d4 cxd4 5.Nf3 d6 6.cxd4 dxe5 7.dxe5 Nc6 8.Bc4 Ndb4
9.Qb3 e6 10.O-O Na5 11.Bb5+ Bd7 12.Qa4 Bxb5 13.Qxb5+ Nac6 14.Nc3 a6 15.Qc4 Qd3
16.Qf4 Rd8 17.Qg3 h6 18.Be3 Nd5 19.Nxd5 Rxd5 20.Rac1 g5 21.h4 Be7 22.Rfd1 Qxd1+
23.Rxd1 Rxd1+ 24.Kh2 Rd5 25.Qh3 Rg8 26.hxg5 hxg5 27.Qh7 Rg6 28.g4 Bf8 29.Kg2 Nxe5
30.Nxg5 Rd7 31.f3 f6 32.Qh2 Nc4 33.Qh5 Nxe3+ 34.Kf2 Nd1+ 35.Ke2 fxg5 36.Qxg6+ Kd8
37.Qxg5+ Be7 38.Qg8+ Kc7 39.Qxe6 Bc5 40.Qc4 Kb6 41.f4 Ne3 42.Qb3+ Ka7 43.Qe6 Rh7
44.g5 Rh2+ 45.Kf3 Rxb2 46.Qe5 Rc2 47.g6 Bb6 48.g7 Nc4 49.Qe6 Rc3+ 50.Ke2  1-0

[Event "Sparkassen Open A"]
[Site "Dortmund GER"]
[Date "2012.07.19"]
[Round "6.16"]
[White "Schnelle,L"]
[Black "Chilla,J"]
[Result "0-1"]
[WhiteElo "2054"]
[BlackElo "2158"]

1.e4 c5 2.c3 Nf6 3.e5 Nd5 4.d4 cxd4 5.Qxd4 e6 6.Bc4 Nc6 7.Qe4 Nb6 8.Bb3 Qc7
9.Nf3 d5 10.Qe2 Bd7 11.O-O a6 12.Re1 Na5 13.Bc2 Bb5 14.Qe3 Be7 15.Nd4 Nc6
16.Nxc6 Bxc6 17.Qg3 Kf8 18.Nd2 h5 19.h4 d4 20.c4 Qd8 21.Qd3 Bxh4 22.Nb3 Nxc4
23.Nxd4 Bxf2+ 24.Kxf2 Qh4+ 25.Kf1 Qh1+ 26.Ke2 Qxg2+ 27.Kd1 Qg4+ 28.Ne2 Ke8
29.Rg1 Qh4 30.Nd4 Nxe5 31.Qc3 Rd8 32.Be3 Nf3 33.Rxg7 Nxd4 34.Bd3 Bf3+ 35.Kd2 Qh2+
36.Ke1 Qe5 37.Kf2 Qxg7 38.Rg1 Qf6 39.Ke1 Bc6 40.Rf1 Nf3+ 41.Rxf3 Qxc3+  0-1

[Event "5th Paleochora Open"]
[Site "Paleochora GRE"]
[Date "2012.07.19"]
[Round "5.2"]
[White "Sivuk,V"]
[Black "David,Alb"]
[Result "1/2-1/2"]
[WhiteElo "2467"]
[BlackElo "2605"]

1.e4 c5 2.c3 Nf6 3.e5 Nd5 4.d4 cxd4 5.Nf3 Nc6 6.cxd4 d6 7.Bc4 e6 8.O-O Be7
9.Bd2 Nb6 10.Bb3 d5 11.Nc3 Bd7 12.Ne2 a5 13.a4 Nb4 14.Nf4 g6 15.Qe2 Bc6 16.Nd3 Nc4
17.Bxc4 dxc4 18.Nxb4 axb4 19.Qxc4 Bd5 20.Qd3 O-O 21.Bh6 Re8 22.Nd2 Bc6 23.Ne4 Qd5
24.f3 Red8 25.Nf6+ Bxf6 26.exf6 Ra5 27.Qd2 Qxd4+ 28.Qxd4 Rxd4 29.Rfd1 Rxd1+
30.Rxd1 Bd5 31.Rc1 Bc6 32.b3 Rh5 33.Bg7 h6 34.Rc4 Kh7 35.Rxb4 Rd5 36.h4 h5
37.Kf2 g5 38.hxg5 Kg6 39.Bh6 Rd2+ 40.Kg3 Rb2 41.Rd4 e5 42.Rd8 h4+ 43.Kh3 Kh5
44.Rg8 Bd5 45.Re8  1/2-1/2